Δελτίο πληροφοριών ειδικής αγωγής

Αποθηκεύτηκε σε:
Λεπτομέρειες βιβλιογραφικής εγγραφής
Συγγραφή απο Οργανισμό/Αρχή: Υπουργείο Εθνικής Παιδείας και Θρησκευμάτων Διεύθυνση Ειδικής Αγωγής
Μορφή: Βιβλίο
Γλώσσα:Greek
Δημοσίευση: Αθήνα : Ο.Ε.Δ.Β., 1994
Έκδοση:6η εκδ.
Θέματα:
Ετικέτες: Προσθήκη ετικέτας
Δεν υπάρχουν, Καταχωρήστε ετικέτα πρώτοι!

MARC

LEADER 00000nam a2200000 i 4500
001 1/77514
008 971217s1994 gre d
035 |a 1995  |b 1  |c Δωρεά  |l 10032680 
040 |a GR-MY-UA  |b gre  |e aacr 
041 0 |a gre 
082 0 |a 371.909495 
110 2 |a Υπουργείο Εθνικής Παιδείας και Θρησκευμάτων  |b Διεύθυνση Ειδικής Αγωγής. 
245 1 0 |a Δελτίο πληροφοριών ειδικής αγωγής /  |c Υπουργείο Εθνικής Παιδείας και Θρησκευμάτων 
250 |a 6η εκδ. 
260 |a Αθήνα :   |b Ο.Ε.Δ.Β.,   |c 1994 
300 |a 142 σ. 
650 0 0 |a Children with disabilities  |x Education  |z Greece. 
650 0 0 |a Children with disabilities  |x Education  |x Law and legislation  |z Greece. 
852 |a INST  |b RHODES  |e 19971217  |h 371.909495 ΔΕΛ  |p 005400007489  |q 005400007489  |t BK  |y 0 
852 |a INST  |b RHODES  |e 19971217  |h 371.909495 ΔΕΛ  |p 005400007490  |q 005400007490  |t BK  |y 0 
852 |a INST  |b RHODES  |e 19971217  |h 371.909495 ΔΕΛ  |p 005400007491  |q 005400007491  |t BK  |y 0 
852 |a INST  |b RHODES  |e 19971217  |h 371.909495 ΔΕΛ  |p 005400007492  |q 005400007492  |t BK  |y 0 
852 |a INST  |b RHODES  |e 19971217  |h 371.909495 ΔΕΛ  |p 005400007493  |q 005400007493  |t BK  |y 0 
852 |a INST  |b RHODES  |e 19971217  |h 371.909495 ΔΕΛ  |p 005400007494  |q 005400007494  |t BK  |y 0 
852 |a INST  |b RHODES  |e 19971217  |h 371.909495 ΔΕΛ  |p 005400007495  |q 005400007495  |t BK  |y 0 
909 |a Ρ  |b 028365  |c 1995 
909 |a Ρ  |b 028366  |c 1995 
909 |a Ρ  |b 028367  |c 1995 
909 |a Ρ  |b 028368  |c 1995 
909 |a Ρ  |b 028369  |c 1995 
909 |a Ρ  |b 028370  |c 1995 
909 |a Ρ  |b 028371  |c 1995